Sporcle Categorical Grab Bag: Begins with 'D' Quiz Stats

 Plays Quiz Updated Aug 16, 2019

Score 0/45 Timer 06:00
7 Plays Today
Category Missing Word % Correct
Sports
NFL Team Names
Dallas
97%
Music
Missing Word - Beatles Songs
Days
96.3%
Television
Cartoon Characters
Dora
95.3%
Science
Australian Animals
Devil
94.4%
Geography
World Capital by Country
Dublin
93.9%
History
U.S. Inventions
Door
93.1%
Movies
Warner Bros. Films
Detective
93%
Sports
NFL Team Names
Denver
92.6%
Entertainment
Golden Globe Best Actor Drama
DiCaprio
91.8%
Just for Fun
Mixed Word - Sporcle Subcategories
Doctor Who
91.7%
Language
Begins & Ends with D
Danced
91.3%
Language
Begins & Ends with D
Drowned
91.1%
Entertainment
Golden Globe Best Actor Drama
Denzel
90.8%
Religion
Missing Word - The Lord's Prayer
Daily
89.9%
Miscellaneous
Slogans
Drop
89%
Music
Missing Word - Beatles Songs
Diamonds
88.6%
Gaming
Video Games
Donkey
88.3%
Holiday
Santa's Reindeer
Dancer
87.5%
Language
Begins & Ends with D
Drained
87.3%
Sports
NFL Team Names
Detroit
87%
Entertainment
Golden Globe Best Actor Drama
Dustin
86.5%
Miscellaneous
Slogans
Driving
86.1%
Religion
Missing Word - The Lord's Prayer
Deliver
85.7%
Category Missing Word % Correct
Holiday
Santa's Reindeer
Donner
82.9%
Literature
Author Surname by Book Title
Darwin
82.8%
Movies
Warner Bros. Films
Dog
82.5%
Religion
Missing Word - The Lord's Prayer
Done
81.9%
Science
Australian Animals
Dingo
81.4%
Television
Cartoon Characters
Dexter
81%
Holiday
Santa's Reindeer
Dasher
79.7%
Gaming
Video Games
Duty
78%
Literature
Author Surname by Book Title
Dickens
77.7%
Literature
Author Surname by Book Title
Dahl
76.3%
History
U.S. Inventions
Detector
75.7%
Just for Fun
Mixed Word - Sporcle Subcategories
Disney
75.6%
Movies
Warner Bros. Films
Dangerous
75.4%
Just for Fun
Mixed Word - Sporcle Subcategories
Decade
72.3%
Television
Cartoon Characters
Dudley
68.1%
Gaming
Video Games
Dead
67.1%
Music
Missing Word - Beatles Songs
Dear
65.4%
Geography
World Capital by Country
Damascus
63.2%
Miscellaneous
Slogans
Different
60.2%
History
U.S. Inventions
Dip
58.9%
Geography
World Capital by Country
Dakar
40.3%
Science
Australian Animals
Dugong
34.1%

You're not logged in!

Compare scores with friends on all Sporcle quizzes.
OR
Log In

Sporcle TV

Today on Sporcle TV


Watch our educational content, quiz creation guides, and fun videos on Sporcle TV.

Show Comments

Extras

Top Quizzes Today


Score Distribution

Your Account Isn't Verified!

In order to create a playlist on Sporcle, you need to verify the email address you used during registration. Go to your Sporcle Settings to finish the process.

Report this User

Report this user for behavior that violates our Community Guidelines.

Details: